El verbo español: aspectos morfosintácticos, sociolingüísticos y lexicogenéticos

Uloženo v:
Podrobná bibliografie
Hlavní autor: Wotjak, Gerd (Autor)
Médium: Kniha
Jazyk:španělština
Vydáno: Madrid Iberoamericana 1996
Edice:Lingüística Iberoamericana, 1
Témata:
Tagy: Přidat tag
Žádné tagy, Buďte první, kdo vytvoří štítek k tomuto záznamu!

MARC

LEADER 00000nam a2200000 a 4500
001 UCM7470
003 CL-VaPUC
008 021220e19960000SP |||||||||||||||||spa|d
082 0 4 |a 465  |b WOT  |2 21 
100 0 |a Wotjak, Gerd  |e author  |9 473066 
245 1 3 |a El verbo español: aspectos morfosintácticos, sociolingüísticos y lexicogenéticos 
300 |a 149 p 
942 |c BK 
945 |d 20021220 00:00:00  |a cmena 
260 |a Madrid  |b Iberoamericana  |c 1996 
650 0 |a Verbos  |9 310738 
650 0 |a Gramática española  |9 403055 
650 0 |a Sintaxis  |9 318843 
650 0 |a Morfología Lingüística   |9 340777 
650 0 |a Tiempos verbales  |9 464772 
583 |a last modification  |c 20021220 00:00:00  |k Rodrigo Vera 
490 0 |a Lingüística Iberoamericana, 1 
999 |c 302261  |d 302259 
952 |0 0  |1 0  |4 0  |6 465_000000000000000_WOT_1996  |7 0  |8 A  |9 362418  |a FDOPOS  |b FDOPOS  |d 2019-11-21  |i 3869695  |o 465 WOT 1996  |p 3869695  |r 2025-01-22  |w 2019-11-21  |y BK  |k MLA